| 000 | 00697nam a2200241Ia 4500 | ||
|---|---|---|---|
| 003 | OSt | ||
| 005 | 20220927105404.0 | ||
| 006 | a|||||r|||| 00| 0 | ||
| 007 | ta | ||
| 008 | 220926b |||||||| |||| 00| 0 eng d | ||
| 024 | _a191838 | ||
| 037 | _cReference Collections | ||
| 040 |
_aRTL _cRTL _beng |
||
| 041 |
_2eng _aeng |
||
| 082 | _a"X:8J.277r, GD" | ||
| 110 |
_a"ASSAM, COMPTROLLER AND AUDITOR GENERAL" _9372129 |
||
| 245 | 0 |
_aReport _b Commercial |
|
| 260 |
_aAssam _bGovt. Press |
||
| 490 | _v01362710: 2010- No.4 (105p) | ||
| 700 |
_a"ASSAM, COMPTROLLER AND AUDITOR GENERAL" _9372130 |
||
| 942 |
_h"X:8J.277r, GD" _cCC |
||
| 999 |
_c692260 _d692260 |
||